Culture générale - de A à Z #1 - Statistiques

Statistiques générales
  • Ce quiz a été pris 5 750 fois
  • Le résultat moyen est 18 sur 26
Statistiques - réponses
Lettre Question Réponse % Correct
D Copenhague est sa capitale. Danemark
97%
K Animal emblématique de l'Australie. Kangourou | Koala
96%
B Président des États-Unis en 2022. Joe Biden
94%
I Pays, vainqueur de 4 coupe du monde de football. Italie
92%
R Organes qui assurent la filtration du sang et l'évacuation via l'urine des déchets du corps. Reins
89%
N En marine, il peut être en huit, de chaise ou de cabestan. Nœud
86%
S Société Coréenne d'électronique, connus notamment pour ses smartphones. Samsung
86%
F Célèbre Tennisman suisse, vainqueur de 20 tournois du grand chelem en simple. Roger Federer
85%
W Gagner en anglais (to...) Win
85%
Q Le cheikh Tamim ben Hamad Al Thani est l'émir de ce pays. Qatar
83%
H Super héros Marvel, connu aussi sous l'identité de Robert Bruce Banner. Hulk
82%
E Selon la légende, c'est le "mot" qu'aurait crié Archimède lors de sa découverte de ce qu'on appelle la poussée d'Archimède. Euréka
81%
U Instrument à cordes pincées traditionnel hawaïen. Ukulélé
79%
V Constructeur automobiles Allemand. Volkswagen
79%
Z Justicier masqué, accompagné de son acolyte "Bernardo". Zorro
76%
L Nom de la ville de Paris au temps des gaulois. Lutèce
73%
Y Petit dinosaure vert, compagnon de Mario. Yoshi
71%
P Jour férié et fête chrétienne, célébré le cinquantième jour à partir de Pâques. Pentecôte
70%
X Hostilité de principe envers les étrangers, ce qui vient de l'étranger. Xénophobie
70%
O Monument monolithe élevé, utilisé notamment dans l'architecture sacrée de l'Égypte antique. Obélisque
56%
G Personnage de la littérature, père de Pantagruel. Gargantua
55%
T Signification du 1er T du sigle R.T.T. Temps
41%
C Actrice jouant le rôle de Monica dans la série "Friends". Courtney Cox
35%
A Une des 10 provinces du Canada. Alberta
31%
M Le mytiliculteur est chargé de leurs croissances et de leurs récoltes. Moules
27%
J Fruit, sorte de datte rouge, cultivée en Chine depuis plus de 4 000 ans. Jujube
21%
Aucun quiz correspondant
Distribution des résultats
% des personnes avec chaque résultat
Percentile par nombre de réponses
Votre historique - résultats
Vous n’avez pas pris ce quiz